Sports Quiz

Random Sports or NBA Quiz

Name My Teams: 2006 NBA Draft Quiz Stats

 Plays Quiz not verified by Sporcle

Score 0/60 Timer 20:00
0 Plays Today
% Correct
Andrea Bargnani
80.4%
LaMarcus Aldridge
80.4%
Rajon Rondo
76.5%
Brandon Roy
74.5%
J.J. Redick
74.5%
Adam Morrison
72.5%
Thabo Sefolosha
72.5%
Randy Foye
70.6%
Kyle Lowry
70.6%
Tyrus Thomas
66.7%
Rudy Gay
66.7%
Jordan Farmar
66.7%
Loukas Mavrokefalidis
64.7%
Paul Millsap
62.7%
Yotam Halperin
62.7%
Edin Bavcic
62.7%
Shelden Williams
58.8%
Hilton Armstrong
58.8%
Daniel Gibson
58.8%
Patrick O'Bryant
56.9%
Oleksiy Pecherov
54.9%
Sergio Rodriguez
54.9%
Lior Eliyahu
54.9%
Ejike Ugboaja
54.9%
Ronnie Brewer
52.9%
Renaldo Balkman
52.9%
Rodney Carney
51%
Mardy Collins
51%
Steve Novak
51%
Craig Smith
51%
% Correct
Vladimir Veremeenko
49%
Josh Boone
47.1%
Paul Davis
45.1%
Leon Powe
45.1%
J.R. Pinnock
45.1%
Ryan Hollins
43.1%
Saer Sene
41.2%
P.J. Tucker
41.2%
Shannon Brown
39.2%
Dee Brown
39.2%
Cedric Simmons
35.3%
Quincy Douby
35.3%
Solomon Jones
35.3%
Joel Freeland
33.3%
James White
33.3%
Shawne Williams
31.4%
James Augustine
29.4%
Marcus Williams
27.5%
Maurice Ager
27.5%
Bobby Jones
27.5%
David Noel
25.5%
Will Blalock
25.5%
Hassan Adams
21.6%
Denham Brown
19.6%
Marcus Vinicius
19.6%
Damir Markota
19.6%
Cheikh Samb
17.6%
Kosta Perovic
15.7%
Guillermo Diaz
13.7%
Alexander Johnson
11.8%

You're not logged in!

Compare scores with friends on all Sporcle quizzes.
OR
Log In

You Might Also Like...

Show Comments

Extras

Top Quizzes Today


Score Distribution

Your Account Isn't Verified!

In order to create a playlist on Sporcle, you need to verify the email address you used during registration. Go to your Sporcle Settings to finish the process.

Report this User

Report this user for behavior that violates our Community Guidelines.

Details: